| 000 | 00376nam a2200145Ia 4500 | ||
|---|---|---|---|
| 008 | 240624s9999 xx 000 0 und d | ||
| 041 | _aeng | ||
| 082 | _a306 GRI | ||
| 100 | _aGRISWOLD WENDY | ||
| 245 | _aCULTURES AND SOCIETIES IN A CHANGING WOR | ||
| 250 | _a(3rd ed.) | ||
| 260 |
_c2008 _aLos Angeles _bSage Publications |
||
| 300 | _a224 : p. : 22 : cm. | ||
| 365 |
_c _b30 |
||
| 999 |
_c10929 _d10929 |
||